| 000 | 00522nam a2200169 a 4500 | ||
|---|---|---|---|
| 005 | 20260416122716.0 | ||
| 008 | 260309s2026##################000#0#eng## | ||
| 020 |
_a9781840640540 _qhbk |
||
| 082 | 0 | 4 | _a338.951 CHA.2 |
| 100 | _a Chai,Joseph C.H | ||
| 245 | 1 | 0 |
_aThe Economic Development of Modern China volume II:socialist modernization _c/Joseph C.H. Chai |
| 250 | _a1st ed. | ||
| 260 |
_aCheltenham: _bEdward Elgar, _c2000 |
||
| 300 |
_ax,680p. _c;24cm. |
||
| 650 | _aEconomic development in china | ||
| 942 | _cENGLISH | ||
| 999 |
_c617269 _d617269 |
||